<?xml version="1.0" encoding="UTF-8"?>
<collection xmlns="http://www.loc.gov/MARC21/slim">
 <record>
  <leader>00891cam a2200253 7i4500</leader>
  <controlfield tag="001">0000011389</controlfield>
  <controlfield tag="005">20150325090000.0</controlfield>
  <controlfield tag="003">  iicp-my</controlfield>
  <controlfield tag="005">  20060228145000.0</controlfield>
  <controlfield tag="008">050505s2003    caua     b    000 0 eng d</controlfield>
  <datafield tag="035" ind1=" " ind2=" ">
   <subfield code="a">13375675</subfield>
  </datafield>
  <datafield tag="039" ind1=" " ind2="9">
   <subfield code="a">200602281450</subfield>
   <subfield code="b">Yusnizam</subfield>
   <subfield code="c">200505301226</subfield>
   <subfield code="d">Yusnizam</subfield>
   <subfield code="c">200505301224</subfield>
   <subfield code="d">Yusnizam</subfield>
   <subfield code="y">200505051025</subfield>
   <subfield code="z">Yusnizam</subfield>
  </datafield>
  <datafield tag="090" ind1="0" ind2="0">
   <subfield code="a">155.2 </subfield>
   <subfield code="b">INT</subfield>
  </datafield>
  <datafield tag="100" ind1="1" ind2=" ">
   <subfield code="a">Dunning, Donna </subfield>
  </datafield>
  <datafield tag="245" ind1="0" ind2="0">
   <subfield code="a">Introduction to type and communication  </subfield>
   <subfield code="c">by Donna Dunning.</subfield>
  </datafield>
  <datafield tag="260" ind1=" " ind2=" ">
   <subfield code="a">Palo Alto, Calif.: </subfield>
   <subfield code="b">Consulting Psychologists Press, </subfield>
   <subfield code="c">2003..</subfield>
  </datafield>
  <datafield tag="300" ind1=" " ind2=" ">
   <subfield code="a">p.: </subfield>
   <subfield code="b">ill.; </subfield>
   <subfield code="c">cm..</subfield>
  </datafield>
  <datafield tag="490" ind1=" " ind2="0">
   <subfield code="a">Introduction to type series.</subfield>
  </datafield>
  <datafield tag="504" ind1=" " ind2=" ">
   <subfield code="a">Includes bibliographical references</subfield>
  </datafield>
  <datafield tag="650" ind1=" " ind2="0">
   <subfield code="a">Personality and occupation. </subfield>
  </datafield>
  <datafield tag="650" ind1=" " ind2="0">
   <subfield code="a">Myers-Briggs Type Indicator. </subfield>
  </datafield>
  <datafield tag="650" ind1=" " ind2="0">
   <subfield code="a">Typology (Psychology). </subfield>
  </datafield>
  <datafield tag="650" ind1=" " ind2="0">
   <subfield code="a">Communication in organizations. </subfield>
  </datafield>
  <datafield tag="999" ind1=" " ind2=" ">
   <subfield code="a">1000019148</subfield>
   <subfield code="b">Book</subfield>
   <subfield code="c">Green Spot</subfield>
  </datafield>
 </record>
</collection>
